01397nab a22002657a 4500999001500000003000400015005001700019008004100036040000700077100002500084245009200109260007300201300001500274500004100289505037700330505009000707650003500797650003300832650003000865650002600895650003300921650002600954773013800980942001301118 c5472d5472OSt20251123211511.0190603e xxum|||| |||| 00| 0 spa d cPJ 96280aPalma, Mariano10aResiduos sólidos urbanos y el expuesto a una relación de consumo / cMariano Palma. cCiudad Autónoma de Buenos Aires :aThomson Reuters La Ley, b2025. ap. 275-283 aCita Online: TR LALEY AR/DOC/36/2025 aSumario: I. Introducción.— II. ¿Qué son los residuos sólidos urbanos?— III. ¿Quién es el propietario de los residuos sólidos urbanos?— IV. ¿Existe relación de consumo?— V. El expuesto a una relación de consumo. Actualidad de la situación.— VI. Factores de atribución.— VII. ¿Qué tipo de daños podría reclamar?— VIII. Conclusión. t¿Te interesa el texto completo? Solicitalo al correo: koha@justierradelfuego.gov.ar  091497aCODIGO CIVIL Y COMERCIAL 092597aDEFENSA DEL CONSUMIDOR 094552aRELACION DE CONSUMO 091821aDERECHOS REALES 095536aRESIDUOS DOMICILIARIOS 091821aDERECHOS REALES0 0271393170dCiudad Autónoma de Buenos Aires : Thomson Reuters La Ley, 2015-tRevista Código Civil y Comercial. Nº 2 - Abril 2025 2udccANA